000 00464nam a22001697a 4500
008 170325s2011 cr||||| |||| 00| 0 spa d
020 _a9789968893077
082 0 4 _a863.4
_bR173f
100 1 _aRamírez, Sergio.
_91810
245 1 3 _aLa fugitiva /
_cSergio Ramírez.
250 _a1a ed.
260 _aSan José, Costa Rica :
_bAlfaguara,
_c2011.
300 _a311.
653 1 0 _aLiteratura
653 1 0 _aLiteratura Latinoamericana
653 1 0 _aNovela - Nicaragua
999 _c1162
_d1162